What is this = long edition - Statistics

General Stats
  • This quiz has been taken 19 times
  • The average score is 32 of 40
Answer Stats
Picture Answer % Correct
Banana
100%
Beer
94%
Chicken
94%
Cloud
94%
Laptop
94%
Pig
94%
Rose
94%
Ruler
94%
Violin
94%
Wheel
94%
Banjo
89%
Brain
89%
Fire
89%
Mountain
89%
Pasta
89%
Phone
89%
Sand
89%
Swan
89%
Truck
89%
Vase
89%
Whale
89%
Baseball
83%
Coins
83%
Map
78%
Ostrich
78%
Pottery
78%
Tulip
78%
Yarn
78%
Jellyfish
72%
Nose
72%
Umbrella
72%
Glue
61%
Macaron
61%
Blimp
56%
Church
56%
Jaguar
56%
Kayak
56%
Statue
56%
Trombone
56%
Vault
6%
No matching quizzes found
Score Distribution
Percent of People with Each Score
Percentile by Number Answered
Your Score History
You have not taken this quiz